| Поле | Инд. | ПП | Название | Значение |
|---|---|---|---|---|
| Тип записи | a | |||
| Библиографический уровень | b | |||
| 001 | Контрольный номер | UNIDUBNA50661c9aae404039b277dd6ff48a2b90 | ||
| 005 | Дата корректировки | 20240620173953.6 | ||
| 084 | a | Индекс другой классификации/Индекс ББК | 60.991-36; 88.611.9 | |
| 100 | 1_ | a | Автор | Мулагалеева Н. Н. |
| 245 | 10 | a | Заглавие | "Чтобы счастливы были дети..." О практике работы центра помощи семьям и детям по сопровождению замещающих семей |
| 520 | 0_ | a | Аннотация | О работе центра социальной помощи по комплексному сопровождению замещающих семей и устройству воспитанников в замещающие семьи. |
| 650 | 04 | a | Основная рубрика | воспитание |
| a | Основная рубрика | педагогическая психология | ||
| a | Основная рубрика | психология | ||
| a | Основная рубрика | социальная работа | ||
| 653 | 0_ | a | Ключевые слова | дети, оставшиеся без попечения родителей |
| a | Ключевые слова | дети-сироты | ||
| a | Ключевые слова | детско-родительские отношения | ||
| a | Ключевые слова | замещающие семьи | ||
| a | Ключевые слова | защита детства | ||
| a | Ключевые слова | комплексное сопровождение | ||
| a | Ключевые слова | несовершеннолетние | ||
| a | Ключевые слова | общение | ||
| a | Ключевые слова | опекунство | ||
| a | Ключевые слова | психолого-педагогическое сопровождение | ||
| a | Ключевые слова | реабилитационная работа | ||
| a | Ключевые слова | семейное воспитание | ||
| a | Ключевые слова | семейное консультирование | ||
| a | Ключевые слова | семья | ||
| a | Ключевые слова | социализация | ||
| a | Ключевые слова | социальное консультирование | ||
| a | Ключевые слова | социально-психологическое сопровождение | ||
| a | Ключевые слова | центры социальной помощи | ||
| 773 | 18 | t | Заглавие источника | Работник социальной службы |
| d | Дата издания источника | 2023 | ||
| g | Прочая информация | № 2. - С. 32 - 38 | ||
| w | Контрольный № источника | UNIDUBNAded786d9511c41638c8c9ffc55fb48cb | ||
| 901 | t | Тип документа | b |